000 00292 a2200109 4500
001 ART_26211
005 20260410161937.0
008 260409a
245 1 0 _aMétodo científico
100 1 _aMéndez Ramírez, Ignacio
773 0 _tSaberEs
_g- Nº 4 (jun. 2012)
_wREV26089
999 _c29103
_d29103